Propuestas de políticas para la participación de la mujer en la industria manufacturera: programa integrado mujer-industría
Zapisane w:
| Korporacja: | |
|---|---|
| Format: | Książka |
| Język: | hiszpański |
| Wydane: |
Santiago
Sernam
1999
|
| Seria: | Documentos de Trabajo, 64
|
| Hasła przedmiotowe: | |
| Etykiety: |
Dodaj etykietę
Nie ma etykietki, Dołącz pierwszą etykiete!
|
MARC
| LEADER | 00000nam a2200000 a 4500 | ||
|---|---|---|---|
| 001 | UCO1093 | ||
| 003 | CL-VaPUC | ||
| 008 | 000505e19990000CL |||||||||||||||||spa|d | ||
| 082 | 0 | 4 | |a 331.48 |b SER |2 21 |
| 110 | 2 | |a SERNAM |e author |9 442904 | |
| 245 | 1 | 0 | |a Propuestas de políticas para la participación de la mujer en la industria manufacturera: programa integrado mujer-industría |
| 300 | |a 66 p | ||
| 942 | |c BK | ||
| 945 | |d 20000505 00:00:00 |a rbrito | ||
| 260 | |a Santiago |b Sernam |c 1999 | ||
| 650 | 0 | |a Mujeres trabajadoras |9 259236 | |
| 650 | 7 | |a PREVISION SOCIAL |2 CL-VaPUC |9 327977 | |
| 650 | 7 | |a CAPACITACION LABORAL |2 CL-VaPUC |9 411356 | |
| 583 | |a last modification |c 20000505 00:00:00 |k Rodrigo Vera | ||
| 490 | 0 | |a Documentos de Trabajo, 64 | |
| 999 | |c 287726 |d 287724 | ||
| 952 | |0 0 |1 0 |4 0 |6 331_480000000000000_SER_1999 |7 0 |8 A |9 334692 |a BIBGIM |b BIBGIM |d 2019-11-20 |i 3618056 |o 331.48 SER 1999 |p 3618056 |r 2025-01-15 |w 2019-11-20 |y BK |k GIM | ||